000 01214pam a2200325 a 4500
001 2613472
003 OSt
005 20140310182043.0
008 980226s1999 nju 000 0 eng
010 _a 98003451
020 _a0137612893
040 _aDLC
_cDLC
_dDLC
050 0 0 _aD 839.3
_b.C57 1999
082 0 0 _a909.82/5
100 _aJudge, Edward H.
_911363
245 0 4 _aThe Cold War :
_ba history through documents /
_ccompiled and edited by Edward H. Judge, John W. Langdon.
260 _aUpper Saddle River, N.J. :
_bPrentice Hall,
_cc1999.
300 _a263 p. ;
_c24 cm.
500 _aA collection of more than 130 speeches, agreements, messages, declarations, etc. edited, excerpted, and arranged in chronological order.
650 0 _aCold War
_xSources.
_911364
650 0 _aWorld politics
_y1945-1989
_vSources.
_911365
650 0 _aWorld politics
_y1985-1995
_vSources.
_911366
700 1 _aJudge, Edward H.
_911367
700 1 _aLangdon, John W.
_911368
906 _a7
_bcbc
_corignew
_d1
_eocip
_f19
_gy-gencatlg
942 _2lcc
_cHS
999 _c8825
_d8825